| 000 | 00656nam a22002057a 4500 | ||
|---|---|---|---|
| 003 | OSt | ||
| 005 | 20260511111455.0 | ||
| 008 | 260511b |||||||| |||| 00| 0 eng d | ||
| 020 | _a9781529085099 | ||
| 040 |
_aKenya National Library Service _erda |
||
| 082 | _a648.8 KON | ||
| 100 |
_aKondo's Marie _eauthor |
||
| 245 |
_aKurashi at home : _bhow to organize your space and achieve your ideal / _cMarie Kondo's |
||
| 300 |
_a223 pages : _bcolour illustrations ; _c24 cm |
||
| 504 | _aIncludes index | ||
| 650 | _aStorage in home | ||
| 942 |
_2ddc _cBK _n0 |
||
| 999 |
_c492655 _d492655 |
||